<?xml version="1.0" encoding="UTF-8"?>
<record
    xmlns:xsi="http://www.w3.org/2001/XMLSchema-instance"
    xsi:schemaLocation="http://www.loc.gov/MARC21/slim http://www.loc.gov/standards/marcxml/schema/MARC21slim.xsd"
    xmlns="http://www.loc.gov/MARC21/slim">

  <leader>01242cam a2200337Ia 4500</leader>
  <controlfield tag="001">u6204</controlfield>
  <controlfield tag="003">SIRSI</controlfield>
  <controlfield tag="005">20180220094231.0</controlfield>
  <controlfield tag="008">960212m19879999ne a     b    001 0 eng d</controlfield>
  <datafield tag="020" ind1=" " ind2=" ">
    <subfield code="a">0444426302 (v. A)</subfield>
  </datafield>
  <datafield tag="039" ind1=" " ind2="9">
    <subfield code="y">200203190941</subfield>
    <subfield code="z">load</subfield>
  </datafield>
  <datafield tag="040" ind1=" " ind2=" ">
    <subfield code="a">EAL.</subfield>
  </datafield>
  <datafield tag="050" ind1=" " ind2=" ">
    <subfield code="a">SB945.A5</subfield>
    <subfield code="b">A64 1989</subfield>
  </datafield>
  <datafield tag="245" ind1="0" ind2="0">
    <subfield code="a">Aphids :</subfield>
    <subfield code="b">their biology, natural enemies, and control /</subfield>
    <subfield code="c">edited by A.K. Minks and P. Harrewijn.</subfield>
  </datafield>
  <datafield tag="260" ind1="0" ind2=" ">
    <subfield code="a">Amsterdam ;</subfield>
    <subfield code="a">New York :</subfield>
    <subfield code="b">Elsevier,</subfield>
    <subfield code="c">1987-&lt;1989   &gt;</subfield>
  </datafield>
  <datafield tag="300" ind1=" " ind2=" ">
    <subfield code="a">v. &lt;1-3   &gt; :</subfield>
    <subfield code="b">ill. (some col.) ;</subfield>
    <subfield code="c">30 cm.</subfield>
  </datafield>
  <datafield tag="490" ind1="1" ind2=" ">
    <subfield code="a">World crop pests ;</subfield>
    <subfield code="v">2A-&lt;2C   &gt;</subfield>
  </datafield>
  <datafield tag="504" ind1=" " ind2=" ">
    <subfield code="a">Includes bibliographical references and index.</subfield>
  </datafield>
  <datafield tag="596" ind1=" " ind2=" ">
    <subfield code="a">1</subfield>
  </datafield>
  <datafield tag="650" ind1=" " ind2="0">
    <subfield code="a">Aphididae.</subfield>
  </datafield>
  <datafield tag="650" ind1=" " ind2="0">
    <subfield code="a">Aphididae</subfield>
    <subfield code="x">Control.</subfield>
  </datafield>
  <datafield tag="650" ind1=" " ind2="0">
    <subfield code="a">Aphididae</subfield>
    <subfield code="x">Biological control.</subfield>
  </datafield>
  <datafield tag="700" ind1="1" ind2="0">
    <subfield code="a">Minks, A. K.</subfield>
  </datafield>
  <datafield tag="700" ind1="1" ind2="0">
    <subfield code="a">Harrewijn, P.</subfield>
  </datafield>
  <datafield tag="830" ind1=" " ind2="0">
    <subfield code="a">World crop pests ;</subfield>
    <subfield code="v">2A, etc.</subfield>
  </datafield>
  <datafield tag="942" ind1=" " ind2=" ">
    <subfield code="c">BK</subfield>
    <subfield code="2">lcc</subfield>
  </datafield>
  <datafield tag="952" ind1=" " ind2=" ">
    <subfield code="0">1</subfield>
    <subfield code="1">0</subfield>
    <subfield code="2">lcc</subfield>
    <subfield code="4">0</subfield>
    <subfield code="7">0</subfield>
    <subfield code="a">ENAL</subfield>
    <subfield code="b">ENAL</subfield>
    <subfield code="d">2018-02-20</subfield>
    <subfield code="l">0</subfield>
    <subfield code="o">SB945.A5 A64 1989 VOL.2C</subfield>
    <subfield code="p">0010071</subfield>
    <subfield code="r">2024-12-11 00:00:00</subfield>
    <subfield code="t">1</subfield>
    <subfield code="w">2018-02-20</subfield>
    <subfield code="y">BK</subfield>
    <subfield code="k"></subfield>
  </datafield>
  <datafield tag="952" ind1=" " ind2=" ">
    <subfield code="0">1</subfield>
    <subfield code="1">0</subfield>
    <subfield code="2">lcc</subfield>
    <subfield code="4">0</subfield>
    <subfield code="7">0</subfield>
    <subfield code="a">ENAL</subfield>
    <subfield code="b">ENAL</subfield>
    <subfield code="d">2018-02-20</subfield>
    <subfield code="l">0</subfield>
    <subfield code="o">SB945.A5 A64 1989 VOL.2C</subfield>
    <subfield code="p">0010065</subfield>
    <subfield code="r">2024-12-11 00:00:00</subfield>
    <subfield code="t">2</subfield>
    <subfield code="w">2018-02-20</subfield>
    <subfield code="y">BK</subfield>
    <subfield code="k"></subfield>
  </datafield>
  <datafield tag="952" ind1=" " ind2=" ">
    <subfield code="0">0</subfield>
    <subfield code="1">0</subfield>
    <subfield code="2">lcc</subfield>
    <subfield code="4">0</subfield>
    <subfield code="7">0</subfield>
    <subfield code="a">ENAL</subfield>
    <subfield code="b">ENAL</subfield>
    <subfield code="d">2018-02-20</subfield>
    <subfield code="l">0</subfield>
    <subfield code="o">SB945.A5 A64 1987 VOL.2A</subfield>
    <subfield code="p">0010068</subfield>
    <subfield code="r">2018-02-20 00:00:00</subfield>
    <subfield code="t">1</subfield>
    <subfield code="w">2018-02-20</subfield>
    <subfield code="y">BK</subfield>
  </datafield>
  <datafield tag="952" ind1=" " ind2=" ">
    <subfield code="0">1</subfield>
    <subfield code="1">0</subfield>
    <subfield code="2">lcc</subfield>
    <subfield code="4">0</subfield>
    <subfield code="7">0</subfield>
    <subfield code="a">ENAL</subfield>
    <subfield code="b">ENAL</subfield>
    <subfield code="d">2018-02-20</subfield>
    <subfield code="l">0</subfield>
    <subfield code="o">SB945.A5 A64 1987 VOL.2A</subfield>
    <subfield code="p">0010089</subfield>
    <subfield code="r">2024-12-11 00:00:00</subfield>
    <subfield code="t">2</subfield>
    <subfield code="w">2018-02-20</subfield>
    <subfield code="y">BK</subfield>
    <subfield code="k"></subfield>
  </datafield>
  <datafield tag="952" ind1=" " ind2=" ">
    <subfield code="0">1</subfield>
    <subfield code="1">0</subfield>
    <subfield code="2">lcc</subfield>
    <subfield code="4">0</subfield>
    <subfield code="7">0</subfield>
    <subfield code="a">ENAL</subfield>
    <subfield code="b">ENAL</subfield>
    <subfield code="d">2018-02-20</subfield>
    <subfield code="l">0</subfield>
    <subfield code="o">SB945.A5 A64 1988 VOL.2B</subfield>
    <subfield code="p">0010067</subfield>
    <subfield code="r">2024-12-11 00:00:00</subfield>
    <subfield code="t">1</subfield>
    <subfield code="w">2018-02-20</subfield>
    <subfield code="y">BK</subfield>
    <subfield code="k"></subfield>
  </datafield>
  <datafield tag="999" ind1=" " ind2=" ">
    <subfield code="c">32218</subfield>
    <subfield code="d">32218</subfield>
  </datafield>
</record>
